Pantanal : (Record no. 1586)

MARC details
000 -LÍDER
Campo Fixo de Controle 00906nam a22002417a 4500
001 - NÚMERO DE CONTROLE
Campo de Controle 1586
003 - IDENTIFICAÇÃO DO NÚMERO DE CONTROLE
Campo de Controle BR-CuiBMT
005 - DATA E HORA DA ÚLTIMA ATUALIZAÇÃO
Campo de Controle 20231216005807.0
008 - DADOS FIXOS
Dados Fixos 231216s20uu msba s000 0 por d
040 ## - AGÊNCIA CATALOGADORA
Código da Agência Catalogadora BR-CuiBMT
Agência que transcreveu o registro BR-CuiBMT
080 ## - Nº DA CLASSIFICAÇÃO DECIMAL UNIVERSAL
Nº Class. CDU 574.1
Subd. Auxiliar Comum (292.86)
-- (817.1)
Nº edição CDU 2007
090 ## - NÚMERO DE CHAMADA
Nº classificação 574.1(292.86)(817.1)
Cutter M433p
110 1# - ENTRADA PRINCIPAL -- ENTIDADE
Nome da entidade ou lugar Mato Grosso do Sul.
Unidade subordinada Tribunal de Contas.
245 10 - TÍTULO PRINCIPAL
Título principal Pantanal :
Subtítulo Mato Grosso do Sul /
Indicação de responsabilidade Tribunal de Contas do Estado de Mato Grosso do Sul ; [fotografias: Marcelo Bugre, Bolivar Porto].
260 ## - PUBLICAÇÃO, DISTRIBUIÇÃO, ETC.
Local de publicação [S.l.] :
Editora TCE-MS,
Data [20--?].
300 ## - DESCRIÇÃO FÍSICA
N. páginas ou volumes [56 p.] :
Ilustrações principalmente il. color. ;
Dimensões 30 x 42 cm
650 ## - ASSUNTO TÓPICO
Cabeçalho tópico ou nome geográfico Pantanal
Subdivisão geográfica Mato Grosso do Sul (MS)
650 ## - ASSUNTO TÓPICO
Cabeçalho tópico ou nome geográfico Biodiversidade
Subdivisão geográfica Mato Grosso do Sul (MS)
650 ## - ASSUNTO TÓPICO
Cabeçalho tópico ou nome geográfico Patrimônio natural
Subdivisão geral Pantanal
Subdivisão geográfica Mato Grosso do Sul (MS)
700 1# - ENTRADA SECUNDÁRIA -- NOME PESSOAL
Nome pessoal Bugre, Marcelo
Termo de relação fotografia
700 1# - ENTRADA SECUNDÁRIA -- NOME PESSOAL
Nome pessoal Porto, Bolivar
Termo de relação fotografia
942 ## - ELEMENTOS DE ENTRADA ADICIONAIS (KOHA)
Fonte de classificação ou esquema de arquivamento Classificação Decimal Universal
Tipo de item do Koha Livros
Holdings
Estado: removido Estado: perdido Fonte de classificação ou esquema de arquivamento Estado: danificado Indisponível para empréstimo Localização permanente Localização atual Data de aquisição Total Checkouts Número de Chamada completo Código de barras Date last seen Número do exemplar Preço efetivo a partir de Tipo de item (Koha)
    Classificação Decimal Universal     Biblioteca da Escola Superior de Contas do TCE/MT Biblioteca da Escola Superior de Contas do TCE/MT 15/12/2023   574.1(292.86)(817.1) M433p BIBTCEMT23120663 16/12/2023 Ex. 1 16/12/2023 Livros

Powered by Koha